00917nam a2200241 a 450000100100000000500170001000800410002702000180006804000250008608200200011110000350013124501320016626000310029830000360032950000480036550000460041350000210045950400410048065100510052165100300057270000410060270000320064300000373720200929150542.0090713s2007 dr ac r 000 0 spa d a9789592104747 aDO-SdBNPbspacBNPHU a972.9106bA319g1 aAlandro Cardoso, Mayra,d1958-13aLa guerra de liberación nacional en Cuba 1956-1959 /cMayra Alandro Cardoso, Servando Valdés Sánchez, Luis Rosado Eiró. aLa Habana :bAbril,c2007. a226 p. :bil., retrs. ;c24 cm. aIncluye datos biográficos de los autores. aIncluye notas al final de cada capítulo aIncluye índice aIncluye referencias bibliográficas 4aCubaxHistoriayREVOLUCIÓN, 1959xCampañas 4aCubaxHistoriay1933-19591 aValdés Sánchez, Servando,d1957-1 aRosado Eiró, Luis,d1949-